| 000 | 00874nam a22002417a 4500 | ||
|---|---|---|---|
| 999 |
_c22547 _d22547 |
||
| 003 | AR-CdUCM | ||
| 008 | 190423b ||||| |||| 00| 0 spa d | ||
| 020 | _a9786124190322 | ||
| 040 |
_aMUNICIPALIDAD PROVINCIAL DEL CUSCO _cBIBLIOTECA MUNICIPAL DEL CUSCO |
||
| 082 |
_aSI/869.5/M13 _bM13 |
||
| 100 |
_aValle Tejeda, Maritza _948474 |
||
| 245 |
_aWayra Runa, un ensueño de amor / _cMaritza Valle Tejeda ; [ilustraciones, Melissa Rosales Figueroa] |
||
| 260 |
_aLima : _bLexicom, _c2019. |
||
| 300 |
_a107 páginas. : _bilustraciones ; _c20 cm. |
||
| 500 | _a"19+"--Cubierta. Vocabulario: p. [11]-13. | ||
| 650 |
_aNovelas infantiles peruanas _948438 |
||
| 650 |
_aComprensión de lectura _93320 |
||
| 650 |
_aCuadernos de trabajo _93321 |
||
| 650 |
_aSiglo XX _948475 |
||
| 700 |
_aRosales Figueroa, Melissa _eilustrador _948476 |
||
| 942 |
_2ddc _cLIBROS |
||
| 945 | _arac | ||